A lei e a ilegalidade na produção do espaço urbano / (Record no. 1098)

MARC details
000 -LÍDER
Campo Fixo de Controle 00782nam a2200253 a 4500
001 - NÚMERO DE CONTROLE
Campo de Controle 1098
003 - IDENTIFICAÇÃO DO NÚMERO DE CONTROLE
Campo de Controle BR-CuiBMT
005 - DATA E HORA DA ÚLTIMA ATUALIZAÇÃO
Campo de Controle 20231128185232.0
008 - DADOS FIXOS
Dados Fixos 231128s2003 mgb 000 0 por d
020 ## - INTERNATIONAL STANDARD BOOK NUMBER
Nº do ISBN 857308619
040 ## - AGÊNCIA CATALOGADORA
Código da Agência Catalogadora BR-CuiBMT
Agência que transcreveu o registro BR-CuiBMT
080 ## - Nº DA CLASSIFICAÇÃO DECIMAL UNIVERSAL
Nº edição CDU 2007
Nº Class. CDU 349.44
090 ## - NÚMERO DE CHAMADA
Nº classificação 349.44
Cutter L525
245 12 - TÍTULO PRINCIPAL
Título principal A lei e a ilegalidade na produção do espaço urbano /
Indicação de responsabilidade coordenadores Edésio Fernandes, Betânia Alfonsin.
260 ## - PUBLICAÇÃO, DISTRIBUIÇÃO, ETC.
Local de publicação Belo Horizonte :
Editora Del Rey,
Data 2003.
300 ## - DESCRIÇÃO FÍSICA
N. páginas ou volumes 485 p.:
Dimensões 23 cm
504 ## - NOTA DE BIBLIOGRAFIA, ETC.
Nota de bibliografia Inclui bibliografia.
650 ## - ASSUNTO TÓPICO
Cabeçalho tópico ou nome geográfico Direito urbanístico
Subdivisão geográfica Brasil
650 ## - ASSUNTO TÓPICO
Cabeçalho tópico ou nome geográfico Política urbana
Subdivisão geográfica Brasil
650 ## - ASSUNTO TÓPICO
Cabeçalho tópico ou nome geográfico Espaço urbano
Subdivisão geral regularização
700 ## - ENTRADA SECUNDÁRIA -- NOME PESSOAL
Nome pessoal Fernandes, Edésio,
Datas associadas ao nome 1958-
700 ## - ENTRADA SECUNDÁRIA -- NOME PESSOAL
Nome pessoal Alfonsin, Betânia,
Datas associadas ao nome 1967-
942 ## - ELEMENTOS DE ENTRADA ADICIONAIS (KOHA)
Fonte de classificação ou esquema de arquivamento Classificação Decimal Universal
Tipo de item do Koha Livros
Holdings
Estado: removido Estado: perdido Fonte de classificação ou esquema de arquivamento Estado: danificado Indisponível para empréstimo Localização permanente Localização atual Data de aquisição Total Checkouts Número de Chamada completo Código de barras Date last seen Número do exemplar Preço efetivo a partir de Tipo de item (Koha)
    Classificação Decimal Universal     Biblioteca da Escola Superior de Contas do TCE/MT Biblioteca da Escola Superior de Contas do TCE/MT 28/11/2023   349.44 L525 BIBTCEMT23111262 28/11/2023 Ex. 1 28/11/2023 Livros

Powered by Koha